[Event "Maharashtra State-ch U25"]
[Site "Nasik"]
[Date "2018.08.10"]
[Round "3"]
[White "Kurhe, Dhiraj"]
[Black "Dere, Pushkar"]
[Result "0-1"]
[WhiteElo "1525"]
[BlackElo "1777"]
[PlyCount "98"]
[EventDate "2018.08.09"]
[EventType "swiss"]
[EventRounds "9"]
[EventCountry "IND"]
[SourceTitle "CBM 186 Extra"]
[Source "ChessBase"]
[SourceDate "2018.08.24"]
[SourceVersion "1"]
[SourceVersionDate "2018.08.24"]
[SourceQuality "1"]

1. e4 c5 2. Nc3 d6 3. g3 g6 4. Bg2 Bg7 5. d3 Nc6 6. Be3 Nf6 7. h3 e5 8. Nce2 0-0 9. f4 Ne8 10. c3 f5 11. Nf3 Qe7 12. Nd2 Nf6 13. 0-0 Be6 14. Qc2 Rad8 15. Nb3 Kh8 16. fxe5 Nxe5 17. Nd2 fxe4 18. Nxe4 Nxe4 19. dxe4 Nc4 20. Bf4 Be5 21. Rae1 Qd7 22. b3 Na3 23. Qb2 Nb5 24. a4 Nc7 25. Bxe5+ dxe5 26. c4 Qg7 27. Rd1 Na6 28. Rxf8+ Rxf8 29. Rd6 Bc8 30. Qd2 Qe7 31. Nc3 Nb4 32. g4 Nc2 33. Rd3 Nd4 34. Ne2 Qh4 35. Nxd4 cxd4 36. Qe2 Rf4 37. Qd2 Qe7 38. Qa5 b6 39. Qb5 Bb7 40. Rd1 Bxe4 41. Bxe4 Rxe4 42. Qd5 Rf4 43. Re1 Qf6 44. Qxe5 Qxe5 45. Rxe5 Rf3 46. Rd5 Rxh3 47. Rd8+ Kg7 48. Rd7+ Kh6 49. g5+ Kxg5 0-1